Statistics for NFL Teams by their states

Click here to take the quiz!

General Stats

  • This quiz has been taken 134 times
    (122 since last reset)
  • The average score is 14 of 23

Answers on the Map

Answers color-coded by a green-red scale on the quiz's map according to % correct below.
 

Answer Stats

Answer% Correct
Cardinals
82%
Rams/49ers/Chargers
81%
Jaguars/Bucs/Dolphins
79%
Bills/Giants/Jets
76%
Raiders
73%
Broncos
70%
Eagles/Steelers
69%
Packers
67%
Vikings
66%
Bengals/Browns
64%
Seahawks
63%
Bears
61%
Chiefs
61%
Patriots
61%
Cowboys/Texans
60%
Colts
54%
Saints
54%
Titans
52%
Panthers
49%
Falcons
48%
Lions
48%
Commanders
45%
Ravens
40%

Score Distribution

Percentile by Number Answered

Percent of People with Each Score

Your Score History

You have not taken this quiz since the last reset